Missing Word: Best Picture Nominee Locations Quiz Stats

Quiz Updated Aug 19, 2015

Challenge
Share
Tweet
Embed
Score 0/17 Timer 03:00
0 Plays Today
Hint Answer % Correct
Gangs of New _____York
97.3%
_____ ConfidentialL.A.
93.7%
Manchester by the _____Sea
92.9%
Out of _____Africa
91.7%
Letters from Iwo _____Jima
91.1%
Mr. Smith Goes to _____Washington
90%
_____ Buyers ClubDallas
88.3%
The Grand _____ HotelBudapest
88.3%
A Passage to _____India
87.2%
Hint Answer % Correct
Midnight in _____Paris
78%
_____ BurningMississippi
68.3%
Judgment at _____Nuremberg
63.7%
The _____ StoryPhiladelphia
57%
In Old _____Chicago
32.8%
The _____ Revue of 1929Hollywood
19.6%
_____ ExpressShanghai
16.6%
In Old _____Arizona
13.5%

Today's Daily Dose

You're not logged in!

Compare scores with friends on all Sporcle quizzes.
Sign Up with Email
OR
Log In

You Might Also Like...

Show Comments

Extras

Top Quizzes Today


Score Distribution

Your Account Isn't Verified!

In order to create a playlist on Sporcle, you need to verify the email address you used during registration. Go to your Sporcle Settings to finish the process.